Normal view
MARC view
- Prof.Muhammad Amin Chaudhary
Entry Personal Name
001 - CONTROL NUMBER
- control field: 24073
003 - CONTROL NUMBER IDENTIFIER
- control field: NUST
005 - DATE AND TIME OF LATEST TRANSACTION
- control field: 20191015130009.0
008 - FIXED-LENGTH DATA ELEMENTS
- fixed length control field: 191015|| aca||aabn | a|a d
040 ## - CATALOGING SOURCE
- Original cataloging agency: NUST
- Transcribing agency: NUST
100 ## - HEADING--PERSONAL NAME
- Personal name: Prof.Muhammad Amin Chaudhary
670 ## - SOURCE DATA FOUND
- Source citation: Work cat.: (NUST): Prof.Muhammad Amin Chaudhary, Calculus and Analytical Geometry Mathematics(Second Year), 2019
